Normal view
MARC view
Entry Nombre corporativo
001 - NÚMERO DE CONTROL
- campo de control: 40155
003 - IDENTIFICADOR DE NÚMERO DE CONTROL
- campo de control: OSt
005 - FECHA Y HORA DE LA ÚLTIMA TRANSACCIÓN
- campo de control: 20250520185228.0
008 - ELEMENTOS DE DATO DE LONGITUD-FIJA
- campo de control de longitud fija: 250520|| aca||aabn | a|a d
040 ## - FUENTE DE CATALOGACIÓN
- Centro catalogador/agencia de origen: OSt
- Centro/agencia transcriptor: OSt
110 ## - ENCABEZAMIENTO-NOMBRE DE ENTIDAD CORPORATIVA
- Nombre de entidad corporativa o nombre de jurisdicción como elemento de entrada: ESPAÑA
- Unidad subordinada: Convenio Colectivo de la Sociedad Estatal Correos y Telégrafos
- Número del congreso/reunión o número de parte o sección: 2º
- Fecha del congreso o de la firma del tratado: 2006-2008
670 ## - FUENTE DE DATOS ENCONTRADOS
- Cita de la fuente: Work cat.: (OSt)18770: CCOO Federación de Comunicación y Transporte Sección Sindical de Correos y Telégrafos 12985, II Convenio colectivo de personal laboral :, 2006